A long way from Chicago : (Record no. 13153)
[ view plain ]
| 000 -LEADER | |
|---|---|
| fixed length control field | 00738cam a2200205Ia 4500 |
| 020 ## - INTERNATIONAL STANDARD BOOK NUMBER | |
| ISBN | 0439240921 (pbk.) |
| 020 ## - INTERNATIONAL STANDARD BOOK NUMBER | |
| ISBN | 9780439240925 (pbk.) |
| 040 ## - CATALOGING SOURCE | |
| Transcribing agency | IOI |
| 082 ## - DEWEY DECIMAL CLASSIFICATION NUMBER | |
| Classification number | 813 SCH 1998 A093 Or. |
| 100 1# - MAIN ENTRY--AUTHOR NAME | |
| Personal name | Peck, Richard, |
| 245 12 - TITLE STATEMENT | |
| Title | A long way from Chicago : |
| Remainder of title | a novel in stories / |
| 260 ## - PUBLICATION, DISTRIBUTION, ETC. (IMPRINT) | |
| Place of publication | New York : |
| Name of publisher | Scholastic Inc., |
| Year of publication | 1998 |
| 300 ## - PHYSICAL DESCRIPTION | |
| Number of Pages | 148 p. ; |
| Dimensions | 20 cm |
| 500 ## - GENERAL NOTE | |
| General note | "This edition is only available for distribution through the school market."--P. [4] of cover |
| 520 ## - SUMMARY, ETC. | |
| Summary, etc | A boy recounts his annual summer trips to rural Illinois with his sister during the Great Depression to visit their larger-than-life grandmother |
| 650 #0 - SUBJECT ADDED ENTRY--TOPICAL TERM | |
| Topical Term | Grandmothers |
| 650 #0 - SUBJECT ADDED ENTRY--TOPICAL TERM | |
| Topical Term | Depressions |
| 650 #0 - SUBJECT ADDED ENTRY--TOPICAL TERM | |
| Topical Term | Country life |
| 942 ## - ADDED ENTRY ELEMENTS (KOHA) | |
| Koha item type | សៀវភៅភាសាអង់គ្លេស |
| 952 ## - LOCATION AND ITEM INFORMATION (KOHA) | |
| Withdrawn status [LOCAL, KOHA] | 0 |
| Koha item type | Barcode | Lost status | Permanent Location | Current Location | Date acquired | Full call number |
|---|---|---|---|---|---|---|
| សៀវភៅភាសាអង់គ្លេស | A074761 | Library Block A | Library Block A | 2017-08-20 | 813 SCH 1998 A095 Or. |